Stadtwerke Solingen 681 - Statistiken

Allgemein
  • Dieses Quiz wurde 10 mal gespielt
  • Das Durchschnittsergebnis liegt bei 16 aus 28
Antwortstatistiken
Bildquiz Antwort % Korrekt
Cobra
78%
Graf-Wilhelm-Platz
78%
Hästen
78%
Hauptbahnhof
78%
Rathaus
78%
Agentur für Arbeit
67%
Erholungstraße
67%
Industriemuseum
67%
Lehner Straße
67%
Mühlenplatz
67%
Stadtwerke
67%
Altenberger Weg
56%
Dingshaus
56%
Hammertal
56%
Limminghofen
56%
Mangenberg
56%
Merscheid
56%
Ohligs Rathaus
56%
Bülowplatz
44%
Entenpfuhl
44%
Freiligrathstraße
44%
Werwolf
44%
Balkhauser Weg
33%
Bismarckplatz
33%
Meisenburg
33%
Mitte Bf
33%
Rathausstraße
33%
Steinenhaus
33%
Keine übereinstimmenden Quizze gefunden
Verteilung der Resultate
Anzahl Personen mit jedem Resultat
Perzentil nach korrekt beantworteten Fragen
Ihre Resultats-Entwicklung
Sie haben dieses Quiz noch nicht gespielt